LEADER 03095nam 2200625 450 001 9910462495903321 005 20200520144314.0 010 $a3-03813-426-0 035 $a(CKB)2670000000230052 035 $a(EBL)1872476 035 $a(SSID)ssj0000781366 035 $a(PQKBManifestationID)12269566 035 $a(PQKBTitleCode)TC0000781366 035 $a(PQKBWorkID)10807022 035 $a(PQKB)10649570 035 $a(MiAaPQ)EBC1872476 035 $a(Au-PeEL)EBL1872476 035 $a(CaPaEBR)ebr10828900 035 $a(OCoLC)897640757 035 $a(EXLCZ)992670000000230052 100 $a20140131h20102010 uy| 0 101 0 $aeng 135 $aurcnu|||||||| 181 $ctxt 182 $cc 183 $acr 200 10$a12th International Ceramics Congress $eproceedings of the 12th International Ceramics Congress, part of CIMTEC 2010-12th International Ceramics Congress and 5th Forum on New Materials Montecatini Terme, Italy, June 6-11, 2010. Part H, including, Symposium CK - Geopolymers and geocements : low environmental impact ceramic materials /$fedited by Pietro Vincinzini, World Academy of Ceramics and National Research Council, Italy ; co-edited by Cristina Leonelli, University of Modena and Reggio Emilia, Italy 210 1$aStafa-Zuerich :$cTrans Tech Publications Limited on behalf of Techna Group,$d[2010] 210 4$d©2010 215 $a1 online resource (210 p.) 225 1 $aAdvances in science and technology,$x1661-819X ;$vvolume 69 300 $aDescription based upon print version of record. 311 $a3-908158-52-4 320 $aIncludes bibliographical references and indexes. 327 $asection I. Preparation -- section II. Characterization -- section III. Industrialization & application. 330 $aThe 26 peer-reviewed papers collected here together offer a plenitude of up-to-date information on ""Geopolymers and Geocements: Low Environmentally Impact Ceramic Materials"". The papers are conveniently arranged into PREPARATION, CHARACTERIZATION, INDUSTRIALIZATION & APPLICATION. This special volume has also been published online in the series, ""Advances in Science and Technology"" Vol. 69 via www.scientific.net. Review from Book News Inc.: The Congress is being documented in 10 topical volumes. This eighth volume covers preparation, characterization, industrialization, and application of t 410 0$aAdvances in science and technology (Faenza, Italy) ;$v69. 606 $aCeramics$vCongresses 606 $aCeramic materials$vCongresses 606 $aCeramic engineering$vCongresses 608 $aElectronic books. 615 0$aCeramics 615 0$aCeramic materials 615 0$aCeramic engineering 676 $a210 701 $aVincinzini$b Pietro$0908944 701 $aEmilia$b Reggio$0908945 712 12$aInternational Meeting on Modern Ceramics Technologies 801 0$bMiAaPQ 801 1$bMiAaPQ 801 2$bMiAaPQ 906 $aBOOK 912 $a9910462495903321 996 $a12th International Ceramics Congress$92032880 997 $aUNINA LEADER 00900nam a2200253 i 4500 001 991000918569707536 005 20020507103217.0 008 951206s1967 it ||| | ita 035 $ab10148085-39ule_inst 035 $aLE00639119$9ExL 040 $aDip.to Fisica$bita 084 $a510(022) 084 $a510.60 100 1 $aAvondo Bodino, Giuseppe$0103604 245 10$aElementi di calcolo delle probabilità /$cGiuseppe Avondo-Bodino 260 $aBologna :$bZanichelli,$c1967 300 $axi, 138 p. :$bill. ;$c24 cm. 650 4$aCalcolo delle probabilità 907 $a.b10148085$b02-04-14$c27-06-02 912 $a991000918569707536 945 $aLE006 510.60 AVO$g1$i2006000022620$lle006$o-$pE0.00$q-$rl$s- $t0$u4$v0$w4$x0$y.i10176366$z27-06-02 996 $aElementi di calcolo delle probabilità$9186407 997 $aUNISALENTO 998 $ale006$b01-01-95$cm$da $e-$fita$git $h0$i1